Ο άνθρωπος που ξεχάστηκε : μυθιστόρημα

Αποθηκεύτηκε σε:
Λεπτομέρειες βιβλιογραφικής εγγραφής
Κύριος συγγραφέας: Νόλλας, Δημήτρης Αθ., 1940- (Συγγραφέας)
Μορφή: Βιβλίο
Γλώσσα:Greek
Δημοσίευση: Αθήνα : Καστανιώτη, 1994.
Έκδοση:2η έκδ.
Θέματα:
Ετικέτες: Προσθήκη ετικέτας
Δεν υπάρχουν, Καταχωρήστε ετικέτα πρώτοι!

MARC

LEADER 00000cam a2200000 a 4500
001 1/107107
008 150624s1994####gl | ||| |||| ||gre||
020 |a 9600312761  
040 |a GR-MyUa  |b gre  |c GR-MyUa  |e AACR2 
041 0 |a gre 
082 7 |a 889.3   |2 (23)  
100 1 |a Νόλλας, Δημήτρης Αθ.,   |d 1940-  |e aut 
245 1 0 |a Ο άνθρωπος που ξεχάστηκε :   |b μυθιστόρημα /   |c Δημήτρης Νόλλας.  
250 |a 2η έκδ.  
260 |a Αθήνα :   |b Καστανιώτη,   |c 1994.  
300 |a 211 σ. ;   |c 21 εκ.  
650 0 |a Greek literature, Modern. 
650 0 |a Greek fiction, Modern. 
852 |a INST  |b LEMNOS  |e 20150624  |h 889.3 ΝΟΛ  |p 005600001454  |q 005600001454  |t BK  |y 0 
970 |a Μοσχόβη  |b Ευαγγελία  |z 24-06-2015